Indiana Jones - Relie 60 vidéos au bon film de la Saga - Statistiques

Statistiques générales
  • Ce quiz a été pris 73 fois
  • Le résultat moyen est 50 sur 60
Statistiques - réponses
Hint Réponse % Correct
(1984) Le Temple maudit
95%
(1984) Le Temple maudit
95%
(1984) Le Temple maudit
95%
(1984) Le Temple maudit
95%
(1989) La Dernière Croisade
95%
(2023) Le Cadran de la destinée
95%
(1989) La Dernière Croisade
93%
(1989) La Dernière Croisade
93%
(1989) La Dernière Croisade
93%
(2023) Le Cadran de la destinée
93%
(2023) Le Cadran de la destinée
93%
(2008) Le Royaume du crâne de cristal
91%
(2023) Le Cadran de la destinée
91%
(1981) Les Aventuriers de l'arche perdue
90%
(1984) Le Temple maudit
90%
(1984) Le Temple maudit
90%
(2008) Le Royaume du crâne de cristal
90%
(2008) Le Royaume du crâne de cristal
90%
(1984) Le Temple maudit
88%
(1984) Le Temple maudit
88%
(2023) Le Cadran de la destinée
88%
(1981) Les Aventuriers de l'arche perdue
86%
(1981) Les Aventuriers de l'arche perdue
86%
(1981) Les Aventuriers de l'arche perdue
86%
(2008) Le Royaume du crâne de cristal
86%
(2008) Le Royaume du crâne de cristal
86%
(2008) Le Royaume du crâne de cristal
86%
(2023) Le Cadran de la destinée
86%
(2023) Le Cadran de la destinée
86%
(1981) Les Aventuriers de l'arche perdue
84%
(1981) Les Aventuriers de l'arche perdue
84%
(2008) Le Royaume du crâne de cristal
84%
(1981) Les Aventuriers de l'arche perdue
83%
(1981) Les Aventuriers de l'arche perdue
83%
(1981) Les Aventuriers de l'arche perdue
83%
(1984) Le Temple maudit
83%
(1989) La Dernière Croisade
83%
(1989) La Dernière Croisade
83%
(1989) La Dernière Croisade
83%
(1989) La Dernière Croisade
83%
(1989) La Dernière Croisade
83%
(2008) Le Royaume du crâne de cristal
83%
(2023) Le Cadran de la destinée
83%
(1984) Le Temple maudit
81%
(2023) Le Cadran de la destinée
81%
(1989) La Dernière Croisade
79%
(1981) Les Aventuriers de l'arche perdue
78%
(1989) La Dernière Croisade
78%
(1989) La Dernière Croisade
78%
(1989) La Dernière Croisade
78%
(2008) Le Royaume du crâne de cristal
78%
(2008) Le Royaume du crâne de cristal
76%
(1981) Les Aventuriers de l'arche perdue
74%
(1984) Le Temple maudit
67%
(1981) Les Aventuriers de l'arche perdue
66%
(1984) Le Temple maudit
66%
(1989) La Dernière Croisade
66%
(2008) Le Royaume du crâne de cristal
62%
(2023) Le Cadran de la destinée
59%
(1989) La Dernière Croisade
57%
Aucun quiz correspondant
Distribution des résultats
% des personnes avec chaque résultat
Percentile par nombre de réponses
Votre historique - résultats
Vous n’avez pas pris ce quiz